|
|
|
|
| LEADER |
00000cam a2200000 7i4500 |
| 001 |
0000280604 |
| 005 |
20210628084613.0 |
| 006 |
a ###g ### |
| 007 |
t |
| 008 |
210628t eng # |
| 020 |
|
|
|a 9781788544504
|
| 040 |
|
|
|a MBPJ
|b eng
|c MBPJ
|e rda
|
| 090 |
|
|
|a 591.5
|b BRE
|
| 100 |
1 |
|
|a Brensing, Karsten ,
|e author
|
| 245 |
1 |
0 |
|a WHAT DO ANIMALS THINK AND FEEL?
|c Karsten Brensing Lewis
|
| 264 |
|
0 |
|a London :
|b Apollo
|c 2019
|
| 300 |
|
|
|a 384 pages ;
|c 24 cm.
|
| 336 |
|
|
|a text
|2 rdacontent
|
| 337 |
|
|
|a unmediated
|2 rdamedia
|
| 338 |
|
|
|a volume
|2 rdacarrier
|
| 650 |
|
0 |
|a Animal behavior
|
| 650 |
|
0 |
|a Animal communication
|
| 650 |
|
0 |
|a Animal psychology
|
| 999 |
|
|
|a 00387323
|b BUKU
|c PINJAMAN
|e PERPUSTAKAAN KOMUNITI PETALING JAYA
|